Abstracting scientific and technical literature : an introductory guide and text for scientists, abstractors, and management /
Guardado en:
| Autor Principal: | |
|---|---|
| Otros Autores: | , |
| Formato: | Libro |
| Idioma: | English |
| Publicado: |
New York :
Wiley,
1979.
|
| Materias: | |
| Etiquetas: |
Agregar Etiqueta
Sin Etiquetas, Sea el primero en etiquetar este registro!
|
| LEADER | 01010cam a22002415a 4500 | ||
|---|---|---|---|
| 001 | EIQ.libpla000082 | ||
| 008 | 780503s1979####nyua#####b####001#0#eng#d | ||
| 005 | 20060508154013.0 | ||
| 245 | 1 | 0 | |a Abstracting scientific and technical literature : |b an introductory guide and text for scientists, abstractors, and management / |c Robert E. Maizell, Julian F. Smith, T. E. R. Singer. |
| 260 | |a New York : |b Wiley, |c 1979. | ||
| 300 | |a xvi, 297 p. : |b il. ; |c 24 cm. | ||
| 504 | |a Incluye referencias bibliograficas (285-286), glosario e índice. | ||
| 020 | |a 0882757032 | ||
| 100 | 1 | |a Maizell, Robert E. |q (Robert Edward), |d 1924- | |
| 700 | 1 | |a Smith, Julian F. |q (Julian Francis), |d 1893- | |
| 700 | 1 | |a Singer, T. E. R. |q (Tibor Eric Robert), |d 1902-1966. | |
| 082 | 0 | 0 | |a 029/.9/5 |
| 650 | 4 | |a Tecnología |x Resúmenes. | |
| 650 | 0 | |a Technology |x Abstracting and indexing. | |
| 650 | 0 | |a Science |x Abstracting and indexing. | |
| 010 | |a 78009756 | ||
| 040 | |a DLC |c DLC |d AR-BbSID | ||
| 859 | |a AR-BbSID |b BIB. PLAPIQUI |h 029.9 |i M 1 |p 4708 | ||
